<?xml version="1.0" encoding="UTF-8"?>
<record
    xmlns:xsi="http://www.w3.org/2001/XMLSchema-instance"
    xsi:schemaLocation="http://www.loc.gov/MARC21/slim http://www.loc.gov/standards/marcxml/schema/MARC21slim.xsd"
    xmlns="http://www.loc.gov/MARC21/slim">

  <leader>00533nam a2200205Ia 4500</leader>
  <controlfield tag="003">IIN</controlfield>
  <controlfield tag="005">20240125122616.0</controlfield>
  <controlfield tag="008">231217s9999    xx            000 0 und d</controlfield>
  <datafield tag="020" ind1=" " ind2=" ">
    <subfield code="c">Rs.1195.00</subfield>
    <subfield code="a">9789389587883</subfield>
  </datafield>
  <datafield tag="040" ind1=" " ind2=" ">
    <subfield code="a">IIN</subfield>
    <subfield code="b">English</subfield>
  </datafield>
  <datafield tag="082" ind1=" " ind2=" ">
    <subfield code="a">618.1      </subfield>
    <subfield code="b">DUT</subfield>
  </datafield>
  <datafield tag="100" ind1="1" ind2=" ">
    <subfield code="a">Dutta , D.C. </subfield>
  </datafield>
  <datafield tag="245" ind1="1" ind2=" ">
    <subfield code="a">Textbook of Gynecology</subfield>
    <subfield code="c">D.C. Dutta </subfield>
  </datafield>
  <datafield tag="250" ind1=" " ind2=" ">
    <subfield code="a">8th ed /</subfield>
    <subfield code="b">Hiralal Konar, Ed.</subfield>
  </datafield>
  <datafield tag="260" ind1=" " ind2=" ">
    <subfield code="b">Jaypee</subfield>
    <subfield code="a">New Delhi</subfield>
    <subfield code="c">2020</subfield>
  </datafield>
  <datafield tag="300" ind1=" " ind2=" ">
    <subfield code="a">xx, 586p.</subfield>
  </datafield>
  <datafield tag="650" ind1="1" ind2=" ">
    <subfield code="a">Gynecology</subfield>
  </datafield>
  <datafield tag="700" ind1="1" ind2=" ">
    <subfield code="a">Konar, Hiralal , Ed.</subfield>
  </datafield>
  <datafield tag="942" ind1=" " ind2=" ">
    <subfield code="c">BOOK</subfield>
  </datafield>
  <datafield tag="952" ind1=" " ind2=" ">
    <subfield code="0">0</subfield>
    <subfield code="1">0</subfield>
    <subfield code="4">0</subfield>
    <subfield code="7">0</subfield>
    <subfield code="8">Purches Book</subfield>
    <subfield code="a">IIN</subfield>
    <subfield code="b">IIN</subfield>
    <subfield code="d">2023-12-17</subfield>
    <subfield code="g">1195.00</subfield>
    <subfield code="l">1</subfield>
    <subfield code="o">618.1       DUT</subfield>
    <subfield code="p">1434</subfield>
    <subfield code="r">2025-01-10 12:49:39</subfield>
    <subfield code="s">2025-01-10</subfield>
    <subfield code="w">2023-12-17</subfield>
    <subfield code="y">BOOK</subfield>
  </datafield>
  <datafield tag="952" ind1=" " ind2=" ">
    <subfield code="0">0</subfield>
    <subfield code="1">0</subfield>
    <subfield code="4">0</subfield>
    <subfield code="7">0</subfield>
    <subfield code="8">Purches Book</subfield>
    <subfield code="a">IIN</subfield>
    <subfield code="b">IIN</subfield>
    <subfield code="d">2023-12-17</subfield>
    <subfield code="g">1195.00</subfield>
    <subfield code="l">0</subfield>
    <subfield code="o">618.1       DUT</subfield>
    <subfield code="p">1435</subfield>
    <subfield code="r">2023-12-17 21:32:38</subfield>
    <subfield code="w">2023-12-17</subfield>
    <subfield code="y">BOOK</subfield>
  </datafield>
  <datafield tag="952" ind1=" " ind2=" ">
    <subfield code="0">0</subfield>
    <subfield code="1">0</subfield>
    <subfield code="4">0</subfield>
    <subfield code="7">0</subfield>
    <subfield code="8">Purches Book</subfield>
    <subfield code="a">IIN</subfield>
    <subfield code="b">IIN</subfield>
    <subfield code="d">2023-12-17</subfield>
    <subfield code="g">1195.00</subfield>
    <subfield code="l">0</subfield>
    <subfield code="o">618.1       DUT</subfield>
    <subfield code="p">1436</subfield>
    <subfield code="r">2023-12-17 21:32:38</subfield>
    <subfield code="w">2023-12-17</subfield>
    <subfield code="y">BOOK</subfield>
  </datafield>
  <datafield tag="952" ind1=" " ind2=" ">
    <subfield code="0">0</subfield>
    <subfield code="1">0</subfield>
    <subfield code="2">ddc</subfield>
    <subfield code="4">0</subfield>
    <subfield code="7">0</subfield>
    <subfield code="a">IIN</subfield>
    <subfield code="b">IIN</subfield>
    <subfield code="d">2024-06-15</subfield>
    <subfield code="l">0</subfield>
    <subfield code="o">618.1       DUT</subfield>
    <subfield code="p">1683</subfield>
    <subfield code="r">2024-06-15 19:43:49</subfield>
    <subfield code="w">2024-06-15</subfield>
    <subfield code="y">BOOK</subfield>
  </datafield>
  <datafield tag="952" ind1=" " ind2=" ">
    <subfield code="0">0</subfield>
    <subfield code="1">0</subfield>
    <subfield code="2">ddc</subfield>
    <subfield code="4">0</subfield>
    <subfield code="7">0</subfield>
    <subfield code="a">IIN</subfield>
    <subfield code="b">IIN</subfield>
    <subfield code="d">2024-06-15</subfield>
    <subfield code="l">0</subfield>
    <subfield code="o">618.1       DUT</subfield>
    <subfield code="p">1684</subfield>
    <subfield code="r">2024-06-15 19:43:49</subfield>
    <subfield code="w">2024-06-15</subfield>
    <subfield code="y">BOOK</subfield>
  </datafield>
  <datafield tag="952" ind1=" " ind2=" ">
    <subfield code="0">0</subfield>
    <subfield code="1">0</subfield>
    <subfield code="2">ddc</subfield>
    <subfield code="4">0</subfield>
    <subfield code="7">0</subfield>
    <subfield code="a">IIN</subfield>
    <subfield code="b">IIN</subfield>
    <subfield code="d">2024-06-15</subfield>
    <subfield code="l">0</subfield>
    <subfield code="o">618.1       DUT</subfield>
    <subfield code="p">1685</subfield>
    <subfield code="r">2024-06-15 19:43:49</subfield>
    <subfield code="w">2024-06-15</subfield>
    <subfield code="y">BOOK</subfield>
  </datafield>
  <datafield tag="952" ind1=" " ind2=" ">
    <subfield code="0">0</subfield>
    <subfield code="1">0</subfield>
    <subfield code="2">ddc</subfield>
    <subfield code="4">0</subfield>
    <subfield code="7">0</subfield>
    <subfield code="a">IIN</subfield>
    <subfield code="b">IIN</subfield>
    <subfield code="d">2024-06-15</subfield>
    <subfield code="l">0</subfield>
    <subfield code="o">618.1       DUT</subfield>
    <subfield code="p">1686</subfield>
    <subfield code="r">2024-06-15 19:43:49</subfield>
    <subfield code="w">2024-06-15</subfield>
    <subfield code="y">BOOK</subfield>
  </datafield>
  <datafield tag="952" ind1=" " ind2=" ">
    <subfield code="0">0</subfield>
    <subfield code="1">0</subfield>
    <subfield code="2">ddc</subfield>
    <subfield code="4">0</subfield>
    <subfield code="7">0</subfield>
    <subfield code="a">IIN</subfield>
    <subfield code="b">IIN</subfield>
    <subfield code="d">2024-06-15</subfield>
    <subfield code="l">0</subfield>
    <subfield code="o">618.1       DUT</subfield>
    <subfield code="p">1687</subfield>
    <subfield code="r">2024-06-15 19:43:49</subfield>
    <subfield code="w">2024-06-15</subfield>
    <subfield code="y">BOOK</subfield>
  </datafield>
  <datafield tag="999" ind1=" " ind2=" ">
    <subfield code="c">1440</subfield>
    <subfield code="d">1440</subfield>
  </datafield>
</record>
